000 00421nam a2200157Ia 4500
008 120928t2003 xxu||||| |||| 00| 0 sin d
041 _asin
080 _aX 8 S 3 (Youth)
_bKAR
245 _aකඳුකරයේ දඩයම
246 _aKadukaraye Dadayama
260 _aSubha Publishers
_aPannipitiya
_c2003
300 _b63p, ill, 18 cm
942 _cBK
999 _c43185
_d43185
003 LK-CoDNM
040 _aLK-CoDNM
_dLK-CoDNM
_eLK-CoDNM